The RenderMan companion : a programmer's guide to realistic computer graphics

Saved in:
Bibliographic Details
Main Author: Upstill, Steve
Format: Book
Language:English
Published: Reading, Mass. : Addison-Wesley, c1990
Subjects:
Tags: Add Tag
No Tags, Be the first to tag this record!

MARC

LEADER 00000nam a2200000 i 4500
001 1/103048
008 000329s1990 eng d
020 |a 0201508680 
035 |l 10058320 
040 |a GR-MY-UA  |b gre  |e aacr 
041 0 |a eng 
082 0 |a 006.6  |2 (21) 
100 1 |a Upstill, Steve. 
245 1 4 |a The RenderMan companion :  |b a programmer's guide to realistic computer graphics /  |c Steve Upstill 
260 |a Reading, Mass. :   |b Addison-Wesley,   |c c1990 
300 |a xix, 475 p.;  |b ill. (some col.);  |c 24 cm. 
504 |a Includes bibliographical references and index 
650 0 0 |a Computer graphics. 
852 |a INST  |b LESVOS  |e 20050524  |h 006.6 UPS  |p 005100027657  |q 005100027657  |t BK  |y 0 
852 |a INST  |b SAMOS  |e 20000329  |h 006.6 UPS  |p 005300018146  |q 005300018146  |t BK  |y 0 
901 |a BIBL3-2000-1 
901 |a BIBL1-2005-2 
909 |a Σ  |b 074037 
909 |a Λ  |b 114932 
920 |a ΔΙΕΥΡΥΝΣΗ  |b ΕΠΕΑΕΚ-ΠΤΕ  |y ΛΕΣΒΟΣ  |z 2004-10 
922 |a 3ΕΛΗ  |b 200001  |c ΤΠΕΣ  |d ΠΑΠΑΣΩΤΗΡΙΟΥ 
950 |a 133-1999-07-20 
970 |a ΠΟΥΡΝΑΡΑΣ  |b ΔΗΜΗΤΡΗΣ  |z 2000/03/29